[Event "BRA-ch U26"]
[Site "Uberlandia"]
[Date "2015.10.16"]
[Round "2"]
[White "Chaves, Thiago de Melo Neve"]
[Black "Noronha, Natanael Muana C"]
[Result "0-1"]
[WhiteElo "1846"]
[BlackElo "1849"]
[PlyCount "88"]
[EventDate "2015.10.15"]
[EventType "swiss"]
[EventRounds "7"]
[EventCountry "BRA"]
[SourceTitle "CBM 168 Extra"]
[Source "ChessBase"]
[SourceDate "2015.10.29"]
[SourceVersion "1"]
[SourceVersionDate "2015.10.29"]
[SourceQuality "1"]

1. e4 d6 2. d4 Nf6 3. Nc3 e5 4. dxe5 dxe5 5. Qxd8+ Kxd8 6. Bg5 Be6 7. 0-0-0+ Bd6 8. Nb5 Ke7 9. Nxd6 cxd6 10. Bxf6+ gxf6 11. Ne2 Nd7 12. Nc3 a6 13. Nd5+ Bxd5 14. Rxd5 b5 15. Be2 Nc5 16. f3 Rac8 17. Rhd1 Rc6 18. g3 Rhc8 19. Kb1 h5 20. Bf1 h4 21. g4 Ne6 22. c3 b4 23. h3 bxc3 24. bxc3 Rxc3 25. R5d3 Nd4 26. Rxc3 Rxc3 27. f4 Re3 28. fxe5 fxe5 29. Bxa6 Rxh3 30. Rg1 Rg3 31. Rxg3 hxg3 32. Bf1 Kf6 33. a4 Nc6 34. Kc2 Kg5 35. Kd3 Kxg4 36. Kc4 Kf3 37. Kd5 Nb4+ 38. Kxd6 Kxe4 39. Kc5 Nd3+ 40. Kd6 Kd4 41. a5 Nc5 42. Kc6 e4 43. Kb6 e3 44. a6 Nxa6 0-1

[Event "BRA-ch U26"]
[Site "Brasilia"]
[Date "2015.06.13"]
[Round "7"]
[White "De Freitas, Yan Luth Monteiro"]
[Black "Chaves, Thiago de Melo Neve"]
[Result "1-0"]
[WhiteElo "1778"]
[BlackElo "1849"]
[PlyCount "73"]
[EventDate "2015.06.10"]
[EventType "swiss"]
[EventRounds "7"]
[EventCountry "BRA"]
[SourceTitle "CBM 167 Extra"]
[Source "ChessBase"]
[SourceDate "2015.09.14"]
[SourceVersion "1"]
[SourceVersionDate "2015.09.14"]
[SourceQuality "1"]

1. e4 c6 2. d4 d5 3. exd5 cxd5 4. Bd3 Nf6 5. c3 Nc6 6. Bf4 Bg4 7. Qb3 Qb6 8. Nd2 Qxb3 9. axb3 e6 10. h3 Bh5 11. Ngf3 a6 12. b4 Bg6 13. Be2 Be7 14. b5 Nb8 15. 0-0 0-0 16. Ra2 Nh5 17. Bh2 a5 18. Rfa1 b6 19. b4 Bd8 20. bxa5 bxa5 21. Nb3 Nf6 22. Nfd2 a4 23. Rxa4 Rxa4 24. Rxa4 Nbd7 25. Nc5 Bb6 26. Ndb3 Bxc5 27. Nxc5 Nxc5 28. dxc5 Ne4 29. Rxe4 Bxe4 30. f3 f5 31. fxe4 dxe4 32. b6 f4 33. b7 e5 34. c6 f3 35. gxf3 exf3 36. Bxf3 Rxf3 37. b8Q+ 1-0

[Event "Anapolis Liga University"]
[Site "Anapolis"]
[Date "2014.05.29"]
[Round "4.9"]
[White "Chaves, Thiago de Melo Neve"]
[Black "De Oliveira, Leonardo Souza A"]
[Result "0-1"]
[WhiteElo "1897"]
[BlackElo "2050"]
[PlyCount "62"]
[EventDate "2014.05.28"]
[EventType "swiss"]
[EventRounds "7"]
[EventCountry "BRA"]
[SourceTitle "EXT 2022"]
[Source "ChessBase"]
[SourceDate "2021.10.06"]
[SourceVersion "1"]
[SourceVersionDate "2021.10.06"]
[SourceQuality "1"]

1. Nf3 Nf6 2. g3 d5 3. Bg2 c5 4. d3 e6 5. 0-0 Be7 6. Nbd2 Nc6 7. e4 0-0 8. a4 Qc7 9. Re1 Rd8 10. exd5 Nxd5 11. Nf1 e5 12. Ne3 Ndb4 13. Nc4 f6 14. Bd2 Be6 15. Ne3 Rac8 16. Bc3 c4 17. d4 Bc5 18. Qe2 Bxd4 19. Nxc4 Bxc3 20. bxc3 Nxc2 21. Qxc2 Bxc4 22. Bh3 Rb8 23. Rad1 Rxd1 24. Rxd1 Rd8 25. Nh4 Bf7 26. Bg2 g6 27. Nf3 Kg7 28. Rb1 b6 29. Nd2 Nd4 30. Qb2 Ne2+ 31. Kh1 Qxc3 0-1

[Event "Anapolis Liga University"]
[Site "Anapolis"]
[Date "2014.05.28"]
[Round "1.3"]
[White "Chaves, Thiago de Melo Neve"]
[Black "Amorim, Daniel Madson De Me"]
[Result "0-1"]
[WhiteElo "1897"]
[BlackElo "2184"]
[PlyCount "86"]
[EventDate "2014.05.28"]
[EventType "swiss"]
[EventRounds "7"]
[EventCountry "BRA"]
[SourceTitle "EXT 2022"]
[Source "ChessBase"]
[SourceDate "2021.10.06"]
[SourceVersion "1"]
[SourceVersionDate "2021.10.06"]
[SourceQuality "1"]

1. Nf3 Nf6 2. g3 b5 3. Bg2 Bb7 4. 0-0 e6 5. d3 Be7 6. e4 c5 7. e5 Nd5 8. c4 Nc7 9. cxb5 Nxb5 10. Qb3 Qb6 11. Be3 Bd5 12. Qc2 Nd4 13. Nxd4 Bxg2 14. Kxg2 cxd4 15. Qc8+ Bd8 16. Bg5 0-0 17. Qc1 Bxg5 18. Qxg5 Qxb2 19. Nd2 h6 20. Qf4 Nc6 21. Nf3 f6 22. exf6 Rxf6 23. Qc1 Qb5 24. Qc4 Qxc4 25. dxc4 Rb8 26. Rab1 Rff8 27. Rb3 Na5 28. Ra3 Nc6 29. Rb3 a5 30. Rfb1 Rb4 31. Rxb4 axb4 32. Ne1 e5 33. Nd3 Ra8 34. Rb2 Ra3 35. Nc5 Kf8 36. Nxd7+ Ke7 37. Nb6 Kd6 38. Nd5 Kc5 39. Nc7 Kxc4 40. Ne6 d3 41. Kf3 Kc3 42. Rb3+ Rxb3 43. axb3 d2 0-1

[Event "Goiania-ch U26"]
[Site "Goiania"]
[Date "2013.10.26"]
[Round "4"]
[White "Chaves, Thiago de Melo Neve"]
[Black "Da Fonseca, Rafael Dias"]
[Result "0-1"]
[WhiteElo "1903"]
[BlackElo "1735"]
[PlyCount "100"]
[EventDate "2013.10.24"]
[EventType "swiss"]
[EventRounds "7"]
[EventCountry "BRA"]
[SourceTitle "EXT 2014"]
[Source "ChessBase"]
[SourceDate "2013.11.20"]
[SourceVersion "1"]
[SourceVersionDate "2013.11.20"]
[SourceQuality "1"]

1. e4 e6 2. d4 d5 3. exd5 exd5 4. Bd3 Nf6 5. Bg5 Be7 6. Nf3 Bg4 7. h3 Bh5 8. 0-0 0-0 9. c3 Ne4 10. Bxe7 Qxe7 11. Re1 Nd7 12. Nbd2 f5 13. Qb3 Nb6 14. g4 Bf7 15. gxf5 Qf6 16. Qc2 Qxf5 17. Re3 Bh5 18. Nxe4 Bxf3 19. Rxf3 Qxf3 20. Ng5 Qh5 21. Nxh7 Rf3 22. Be2 Qf5 23. Qxf5 Rxf5 24. Bd3 Rh5 25. Kh2 Rxh7 26. Bxh7+ Kxh7 27. Re1 Rf8 28. Kg3 Kg6 29. Re7 Rf7 30. Re6+ Kh7 31. b3 Nd7 32. c4 Nf6 33. f3 Rd7 34. c5 Kg6 35. b4 Kf7 36. Re5 Re7 37. f4 Rxe5 38. fxe5 Ne4+ 39. Kf4 g6 40. h4 Ke6 41. a4 a6 42. b5 axb5 43. axb5 b6 44. cxb6 cxb6 45. Kg4 Kf7 46. Kf4 Nc3 47. Kg5 Nxb5 48. e6+ Kg7 49. h5 gxh5 50. Kxh5 Kf6 0-1

[Event "Goiania-ch U26"]
[Site "Goiania"]
[Date "2013.10.25"]
[Round "2"]
[White "Chaves, Thiago de Melo Neve"]
[Black "De Miranda, Italo dos Santos"]
[Result "1-0"]
[WhiteElo "1903"]
[BlackElo "1794"]
[PlyCount "55"]
[EventDate "2013.10.24"]
[EventType "swiss"]
[EventRounds "7"]
[EventCountry "BRA"]
[SourceTitle "EXT 2014"]
[Source "ChessBase"]
[SourceDate "2013.11.20"]
[SourceVersion "1"]
[SourceVersionDate "2013.11.20"]
[SourceQuality "1"]

1. e4 e6 2. d4 d5 3. exd5 exd5 4. Bd3 Nc6 5. c3 Nf6 6. Nf3 Bd6 7. 0-0 Bg4 8. h3 h5 9. hxg4 hxg4 10. Re1+ Ne4 11. Bxe4 gxf3 12. Bxf3+ Be7 13. Bg5 Qd6 14. g3 0-0-0 15. Bxe7 Nxe7 16. Nd2 Kb8 17. Bg2 g5 18. Nf3 f6 19. Qe2 Ng6 20. Qe6 Qf8 21. Re3 a6 22. Rae1 Rh5 23. Qf5 Qf7 24. Ne5 Nxe5 25. Rxe5 Ka7 26. Re7 Qf8 27. Bxd5 Qh6 28. Rxc7 1-0

[Event "Cuiaba op"]
[Site "Cuiaba"]
[Date "2013.05.29"]
[Round "5"]
[White "Chaves, Thiago de Melo Neve"]
[Black "Moreira, Thiago Barbosa"]
[Result "1-0"]
[WhiteElo "1912"]
[BlackElo "1753"]
[PlyCount "123"]
[EventDate "2013.05.27"]
[EventType "swiss"]
[EventRounds "7"]
[EventCountry "BRA"]
[SourceTitle "CBM 154 Extra"]
[Source "ChessBase"]
[SourceDate "2013.06.25"]
[SourceVersion "2"]
[SourceVersionDate "2013.06.25"]
[SourceQuality "1"]

1. e4 c5 2. Nf3 e6 3. d4 cxd4 4. Nxd4 d6 5. Nc3 Nf6 6. Be2 h6 7. Be3 a6 8. a4 Be7 9. Qd2 b6 10. f3 Bb7 11. 0-0-0 Nc6 12. Nb3 Rc8 13. f4 Nb4 14. Qd4 d5 15. Qxb6 Qxb6 16. Bxb6 Nxe4 17. Bd4 Bf6 18. Nxe4 Rxc2+ 19. Kb1 dxe4 20. Bxf6 gxf6 21. Rd4 Bd5 22. Rxb4 Rxe2 23. Rb8+ Ke7 24. Rxh8 Bxb3 25. Rxh6 Rxg2 26. Rh3 Bxa4 27. Re3 Rg4 28. h4 Rxf4 29. h5 Rg4 30. h6 Rg8 31. h7 Rh8 32. Rg3 Kf8 33. Rc3 Bd7 34. Rd1 Be8 35. Rc8 Ke7 36. Rdd8 Rxh7 37. Rxe8+ Kd7 38. Rh8 Rg7 39. Rcg8 Rg5 40. Rxg5 fxg5 41. Ra8 e3 42. Kc2 f5 43. Kd3 f4 44. Rxa6 g4 45. b4 e5 46. b5 g3 47. Ra2 Kd6 48. Ke4 Kc5 49. Rb2 g2 50. Rb1 e2 51. b6 g1Q 52. Rxg1 Kxb6 53. Kf3 Kc5 54. Kxe2 Kd4 55. Kf3 Kd5 56. Rd1+ Ke6 57. Ke4 Kf6 58. Rg1 Ke6 59. Rg6+ Kf7 60. Rg5 Kf6 61. Rxe5 f3 62. Rf5+ 1-0

[Event "Cuiaba op"]
[Site "Cuiaba"]
[Date "2013.05.27"]
[Round "1"]
[White "Chaves, Thiago de Melo Neve"]
[Black "Martins, Vinicius Tine"]
[Result "0-1"]
[WhiteElo "1912"]
[BlackElo "2377"]
[PlyCount "60"]
[EventDate "2013.05.27"]
[EventType "swiss"]
[EventRounds "7"]
[EventCountry "BRA"]
[SourceTitle "CBM 154 Extra"]
[Source "ChessBase"]
[SourceDate "2013.06.25"]
[SourceVersion "2"]
[SourceVersionDate "2013.06.25"]
[SourceQuality "1"]

1. Nf3 d5 2. g3 Nf6 3. Bg2 c6 4. d3 Bg4 5. 0-0 Nbd7 6. Nbd2 e5 7. e4 dxe4 8. Nxe4 Nxe4 9. dxe4 Bc5 10. Qe2 Qb6 11. c3 a5 12. Rb1 0-0 13. b4 axb4 14. cxb4 Bd4 15. Qc4 Be6 16. Qe2 Rxa2 17. Bb2 Bxb2 18. Rxb2 Bc4 19. Rxa2 Bxe2 20. Rxe2 Qxb4 21. Rd1 Qb5 22. Rdd2 Re8 23. Rb2 Qa6 24. Red2 Nf6 25. Bf1 Qa3 26. Bd3 Qe7 27. Rb1 Rd8 28. Ng5 h6 29. Nxf7 Kxf7 30. Bc4+ Ke8 0-1

[Event "Brasilia IRT"]
[Site "Brasilia"]
[Date "2012.05.01"]
[Round "8"]
[White "Sergio Filho, Claudio Santos"]
[Black "Chaves, Thiago de Melo Neve"]
[Result "1/2-1/2"]
[WhiteElo "1920"]
[BlackElo "1956"]
[PlyCount "31"]
[EventDate "2012.04.27"]
[EventType "tourn"]
[EventRounds "9"]
[EventCountry "BRA"]
[SourceTitle "CBM 148 Extra"]
[Source "ChessBase"]
[SourceDate "2012.06.22"]
[SourceVersion "1"]
[SourceVersionDate "2012.06.22"]
[SourceQuality "1"]

1. e4 c6 2. d4 d5 3. e5 Bf5 4. Nf3 e6 5. Be2 c5 6. Be3 Qc7 7. Bb5+ Nd7 8. Bxd7+ Kxd7 9. c4 cxd4 10. Qa4+ Qc6 11. Qxc6+ bxc6 12. Nxd4 Bb4+ 13. Nc3 Bxc3+ 14. bxc3 Ne7 15. cxd5 cxd5 16. Nxf5 1/2-1/2

[Event "BRA-ch Amador"]
[Site "Brasilia"]
[Date "2012.03.31"]
[Round "6"]
[White "Felix, Raimundo Nascimento"]
[Black "Chaves, Thiago de Melo Neve"]
[Result "1/2-1/2"]
[WhiteElo "1965"]
[BlackElo "1956"]
[PlyCount "90"]
[EventDate "2012.03.24"]
[EventType "swiss"]
[EventRounds "7"]
[EventCountry "BRA"]
[SourceTitle "EXT 2014"]
[Source "ChessBase"]
[SourceDate "2013.11.20"]
[SourceVersion "1"]
[SourceVersionDate "2013.11.20"]
[SourceQuality "1"]

1. e4 c6 2. d4 d5 3. Nc3 dxe4 4. Nxe4 Nd7 5. Bg5 Ngf6 6. Nxf6+ Nxf6 7. Bxf6 exf6 8. Bc4 Bd6 9. Qe2+ Qe7 10. Qxe7+ Bxe7 11. Nf3 0-0 12. 0-0 Bf5 13. c3 Rfe8 14. Rfe1 Bd6 15. g3 Be6 16. Nd2 f5 17. f3 Re7 18. Re2 Rae8 19. Rae1 Bd7 20. Kf2 Rxe2+ 21. Rxe2 Rxe2+ 22. Kxe2 Kf8 23. Bd3 Be6 24. c4 h5 25. f4 h4 26. Nf3 hxg3 27. hxg3 g6 28. Ke3 Ke7 29. Nd2 Kf6 30. Be2 g5 31. Nf3 g4 32. Nd2 a6 33. Bf1 b5 34. b3 Bb4 35. a4 bxa4 36. bxa4 c5 37. Nb3 cxd4+ 38. Nxd4 Bd7 39. Bd3 Be1 40. c5 Bxg3 41. c6 Bc8 42. c7 Bh2 43. Bxf5 Bg1+ 44. Kd3 Bxd4 45. Bxc8 Bb6 1/2-1/2

[Event "BRA-ch Amateur"]
[Site "Goiania"]
[Date "2012.02.20"]
[Round "5"]
[White "Chaves, Thiago de Melo Neve"]
[Black "De Paula, Guilherme Bueno"]
[Result "0-1"]
[WhiteElo "1982"]
[BlackElo "2048"]
[PlyCount "160"]
[EventDate "2012.02.18"]
[EventType "swiss"]
[EventRounds "7"]
[EventCountry "BRA"]
[SourceTitle "CBM 147 Extra"]
[Source "ChessBase"]
[SourceDate "2012.04.24"]
[SourceVersion "1"]
[SourceVersionDate "2012.04.24"]
[SourceQuality "1"]

1. Nf3 g6 2. g3 Bg7 3. Bg2 e5 4. d3 d5 5. 0-0 Ne7 6. Nbd2 f5 7. e4 fxe4 8. dxe4 d4 9. Nc4 Nbc6 10. Bg5 Be6 11. Qe2 h6 12. Bd2 Qd7 13. b4 Bg4 14. Qd3 Qe6 15. b5 Nd8 16. c3 0-0 17. Ne1 c5 18. bxc6 Ndxc6 19. Nc2 Rad8 20. f3 dxc3 21. Qxc3 Nd4 22. Nxd4 Rxd4 23. fxg4 Rxc4 24. Rxf8+ Bxf8 25. Qb3 Qb6+ 26. Qxb6 axb6 27. Rc1 Rxc1+ 28. Bxc1 Nc6 29. Bf1 Kg7 30. Bc4 Bc5+ 31. Kg2 Na5 32. Bd5 b5 33. h4 b6 34. Bb2 Bd4 35. Bxd4 exd4 36. Kf3 Kf6 37. Ke2 g5 38. Kd3 Ke5 39. hxg5 hxg5 40. Ba8 Nc4 41. Bc6 Ne3 42. Bd7 Nd1 43. Bxb5 Nf2+ 44. Ke2 Nxe4 45. Kf3 Kd5 46. Ba6 Nc3 47. Bb7+ Kc4 48. Bc8 Kd3 49. Be6 Kc2 50. Kf2 Kd2 51. Kf3 b5 52. a3 Nb1 53. Ke4 d3 54. Kf5 Kc3 55. Bd5 d2 56. Bf3 Nxa3 57. Kxg5 b4 58. Kh6 b3 59. g5 b2 60. g6 b1Q 61. g7 Qf5 62. Bd1 Qh3+ 63. Kg6 Qxg3+ 64. Kh7 Qh4+ 65. Kg6 Qh1 66. Bh5 Qxh5+ 67. Kxh5 d1Q+ 68. Kh6 Qd6+ 69. Kh7 Qe7 70. Kh8 Qh4+ 71. Kg8 Kd4 72. Kf7 Qf4+ 73. Ke8 Qg5 74. Kf7 Qf5+ 75. Ke8 Qg6+ 76. Kf8 Qf6+ 77. Kg8 Kd5 78. Kh7 Qh4+ 79. Kg6 Qg4+ 80. Kf6 Qe6+ 0-1

[Event "BRA-ch Amateur"]
[Site "Goiania"]
[Date "2012.02.19"]
[Round "4"]
[White "De Oliveira, Kenner Martins"]
[Black "Chaves, Thiago de Melo Neve"]
[Result "0-1"]
[WhiteElo "1802"]
[BlackElo "1982"]
[PlyCount "118"]
[EventDate "2012.02.18"]
[EventType "swiss"]
[EventRounds "7"]
[EventCountry "BRA"]
[SourceTitle "CBM 147 Extra"]
[Source "ChessBase"]
[SourceDate "2012.04.24"]
[SourceVersion "1"]
[SourceVersionDate "2012.04.24"]
[SourceQuality "1"]

1. e4 c6 2. d4 d5 3. e5 Bf5 4. Bd3 Bxd3 5. Qxd3 e6 6. Ne2 Qc7 7. 0-0 c5 8. c3 Nc6 9. Be3 Qb6 10. Nd2 Rc8 11. a3 g6 12. b4 cxd4 13. cxd4 Nh6 14. Ng3 Ng4 15. Nb3 Nxe3 16. fxe3 Bg7 17. Nc5 Qc7 18. Rac1 a6 19. b5 axb5 20. Qxb5 Bh6 21. Nxb7 Bxe3+ 22. Kh1 0-0 23. Rc2 Nxd4 24. Rxc7 Nxb5 25. Rd7 Nxa3 26. Nd6 Rc1 27. Rxc1 Bxc1 28. Ne2 Bb2 29. Ra7 Bxe5 30. Ne4 Nb5 31. Rb7 Rb8 32. Rxb8+ Bxb8 33. Nf6+ Kg7 34. Ne8+ Kf8 35. Nf6 Kg7 36. Ne8+ Kh6 37. g4 d4 38. Nc1 g5 39. Nd3 Kg6 40. Kg2 f6 41. Nc5 Kf7 42. Nxf6 Kxf6 43. Nd7+ Ke7 44. Nxb8 Kd6 45. Na6 e5 46. Kf3 Kd5 47. Nb4+ Kd6 48. Nd3 Nc3 49. Nf2 e4+ 50. Nxe4+ Nxe4 51. Kxe4 Kc5 52. Kd3 Kd5 53. h3 h6 54. Ke2 Ke4 55. Kd2 Kf3 56. Kd3 Kg3 57. Kxd4 Kxh3 58. Ke4 Kxg4 59. Ke3 Kg3 0-1

[Event "BRA-ch Amateur"]
[Site "Goiania"]
[Date "2012.02.18"]
[Round "2"]
[White "Juliani, Sidney"]
[Black "Chaves, Thiago de Melo Neve"]
[Result "1/2-1/2"]
[WhiteElo "1814"]
[BlackElo "1982"]
[PlyCount "82"]
[EventDate "2012.02.18"]
[EventType "swiss"]
[EventRounds "7"]
[EventCountry "BRA"]
[SourceTitle "CBM 147 Extra"]
[Source "ChessBase"]
[SourceDate "2012.04.24"]
[SourceVersion "1"]
[SourceVersionDate "2012.04.24"]
[SourceQuality "1"]

1. c4 Nf6 2. Nf3 g6 3. g3 Bg7 4. Bg2 0-0 5. 0-0 d6 6. Nc3 Nbd7 7. b3 Nc5 8. Bb2 c6 9. Qc2 Bf5 10. d3 e5 11. Nh4 Bg4 12. e3 Qd7 13. d4 exd4 14. exd4 Ne6 15. Qd2 Nc7 16. Rfe1 Rfe8 17. Nf3 Qf5 18. Nh4 Qh5 19. f4 Bh6 20. Qf2 Bd7 21. h3 g5 22. fxg5 Bxg5 23. Nf3 Qh6 24. Nxg5 Qxg5 25. Ne4 Nxe4 26. Rxe4 Rxe4 27. Bxe4 Bxh3 28. Re1 f5 29. Bg2 Bxg2 30. Kxg2 Re8 31. Rxe8+ Nxe8 32. d5 cxd5 33. cxd5 b6 34. Qe1 Nc7 35. Qc3 Nxd5 36. Qh8+ Kf7 37. Qxh7+ Ke6 38. Qh8 Nf4+ 39. Kf1 Nd5 40. Qc8+ Ke7 41. Qb7+ Ke6 1/2-1/2

[Event "Goiano-ch"]
[Site "Goiania"]
[Date "2011.12.11"]
[Round "9.3"]
[White "De Miranda, Alexandre Pinto"]
[Black "Chaves, Thiago de Melo Neve"]
[Result "1/2-1/2"]
[WhiteElo "2072"]
[BlackElo "2001"]
[PlyCount "60"]
[EventDate "2011.12.03"]
[EventType "tourn"]
[EventRounds "9"]
[EventCountry "BRA"]
[SourceTitle "EXT 2022"]
[Source "ChessBase"]
[SourceDate "2021.10.06"]
[SourceVersion "1"]
[SourceVersionDate "2021.10.06"]
[SourceQuality "1"]

1. e4 c6 2. d4 d5 3. exd5 cxd5 4. c4 Nf6 5. Nc3 e6 6. Nf3 Nc6 7. Bg5 Bb4 8. a3 Bxc3+ 9. bxc3 Qa5 10. Bd2 Ne4 11. Bd3 Nxd2 12. Qxd2 Qd8 13. 0-0 Na5 14. cxd5 Nb3 15. Bb5+ Kf8 16. Qf4 Nxa1 17. dxe6 Bxe6 18. Rxa1 h6 19. Re1 g5 20. Qe5 Rg8 21. Qc5+ Kg7 22. Re5 Rc8 23. Qxa7 Rxc3 24. d5 Rc1+ 25. Bf1 g4 26. Qd4 gxf3 27. Rxe6+ Kf8 28. Qb4+ Kg7 29. Qd4+ Kf8 30. Qb4+ Kg7 1/2-1/2

[Event "Goiano-ch"]
[Site "Goiania"]
[Date "2011.12.04"]
[Round "4.5"]
[White "De Paula, Rafael Figueiredo"]
[Black "Chaves, Thiago de Melo Neve"]
[Result "1-0"]
[WhiteElo "1990"]
[BlackElo "2001"]
[PlyCount "63"]
[EventDate "2011.12.03"]
[EventType "tourn"]
[EventRounds "9"]
[EventCountry "BRA"]
[SourceTitle "EXT 2022"]
[Source "ChessBase"]
[SourceDate "2021.10.06"]
[SourceVersion "1"]
[SourceVersionDate "2021.10.06"]
[SourceQuality "1"]

1. e4 c6 2. d4 d5 3. Nc3 dxe4 4. Nxe4 Nd7 5. Bc4 Ngf6 6. Ng5 e6 7. Qe2 Nb6 8. Bd3 h6 9. N5f3 Qc7 10. Ne5 Bd6 11. f4 Bd7 12. Ngf3 c5 13. dxc5 Bxc5 14. Bd2 Nbd5 15. a3 Qb6 16. c4 Ne7 17. b4 Bd4 18. c5 Bxc5 19. bxc5 Qxc5 20. Bb4 Qb6 21. Nc4 Qc7 22. Nd6+ Kf8 23. Nf5 Nfd5 24. Nxe7 Nxb4 25. Ng6+ fxg6 26. axb4 Qxf4 27. 0-0 Ke7 28. Ne5 Qd4+ 29. Kh1 Be8 30. Bxg6 Rd8 31. Bxe8 Rhxe8 32. Ng6+ 1-0